000 00683nam a2200217 a 4500
001 BRCA_8220
005 20190320210201.0
008 190514s1961----gw-adb#f##---#001-0#ger-#
041 _ager
044 _agw
050 4 _aN2302
_b.K73 1961
245 1 0 _aFrankfurt am Main
_baugenblick und ewigkeit
_cGemälde und schriften ausgewahlt, gedruckt und verlag von Waldemar Krammer.
260 _aFrankfurt
_bW. Krammer
_c1961
300 _a299 p.
_bil. (algunas a color)
_c31 cm.
500 _aT2
651 4 _aFrankfurt, Alemania
_vObras de arte
_920494
651 4 _aFrankfurt, Alemania
_vPinturas
_920495
700 1 _aKrammer, Waldemar
_ped.
_920496
902 _aGFM
942 _2lcc
_cB
999 _c7888
_d7888